000
00302nam a2200109Ia 4500
008
180205s9999 xx 000 0 und d
020
_a
9789719803966
100
_a
Yu-Torres, Rosario
245
_a
Talinghagang pang-araw-araw /
260
_a
Quezon City
_b
C & E publishing
_c
2016
300
_a
v, 219 pages
999
_c
354917
_d
354917